000 00966nam a22002297a 4500
003 NALT
005 20241215135516.0
008 241215b th ||||| |||| 00| 0 tha d
020 _a9789741396573
040 _aNALT
050 _aHF 5415.1265
_bท133ท 2551
100 0 _aทรงชัย ณะอำภัย
_956016
245 1 0 _aเที่ยวไป รวยไป กับ Travel affiliate programs /
_cทรงชัย ณะอำภัย.
260 _aกรุงเทพฯ :
_bตลาด ดอท คอม,
_c2551.
300 _a173 หน้า :
_bภาพประกอบ ;
_c22 ซม.
650 4 _aการตลาดอินเทอร์เน็ต
_93557
650 4 _aการพาณิชย์อิเล็กทรอนิกส์
_9735
650 4 _aโฆษณาทางอินเทอร์เน็ต
_910360
850 _aNALT
942 _2lcc
_cGB
996 _aphornvitoo
_bCATSTF
_c2024-12-15
999 _c99047
_d99047
998 _j3099
_k พรวิทู โค้วคชาภรณ์